• 首页
  • 本馆介绍
  • 公告通知
  • 最新文献
  • 馆藏检索
  • 电子资源
  • 读者导购
  • 参考咨询
  • 我的图书馆
  • 登录
  • 详细信息显示
  • 放入我的书架
  • 预约/预借图书
  • 作者相关作品
  • 分类相关作品
  • 丛书相关作品
  • 出版社相关作品

书目信息

  • 表格格式
  • 工作单格式
  • 卡片格式
题名:
百年梦寻
    
 
作者: 刘宏 , 沈山 , 石淑华 著
分册:  
出版信息: 北京   西苑出版社  2013
页数: 230页
开本: 23cm
丛书名: 世纪回眸
单 册:
中图分类: F092.6
科图分类:
主题词: 经济思想史--中国--20世纪
电子资源:
ISBN: 978-7-80108-354-8
000 00831oam2 2200289 450
001 339678
005 20150608162126.31
010    @a978-7-80108-354-8@dCNY29.80
100    @a20140702d2013 em y0chiy50 ea
101 0  @achi
102    @aCN@b110000
105    @ay z 000yy
106    @ar
200 1  @a百年梦寻@Abai nian meng xun@e20世纪中国经济思潮与社会变革@f刘宏, 沈山, 石淑华著
205    @a第2版
210    @a北京@c西苑出版社@d2013
215    @a230页@d23cm
225 2  @a世纪回眸@e20世纪学术思潮丛书
330    @a本书分十章回顾了20世纪中国经济思潮。
410  0 @12001 @a世纪回眸
606 0  @a经济思想史@y中国@z20世纪
690    @aF092.6@v5
701  0 @a刘宏@Aliu hong@4著
701  0 @a沈山@Achen shan@4著
701  0 @a石淑华@Ashi shu hua@4著
801  0 @aCN@b卓展宏图@c20150525
905    @dF092.6@e32=2@f4
    
    百年梦寻:20世纪中国经济思潮与社会变革/刘宏, 沈山, 石淑华著.-第2版.-北京:西苑出版社,2013
    230页;23cm.-(世纪回眸:20世纪学术思潮丛书)
    
    
    ISBN 978-7-80108-354-8:CNY29.80
    本书分十章回顾了20世纪中国经济思潮。
●
相关链接 在E读中查询图书 在五车中查询图书 在当当中查询图书 在豆瓣中查询图书


正题名:百年梦寻     索取号:F092.6/32=2         预约/预借

序号 登录号 条形码 馆藏地/架位号 状态 备注
1 863617   208636172   第一样本阅览室/ [索取号:F092.6/32=2] 在馆    
2 863618   208636181   第一借阅区/ [索取号:F092.6/32=2] 在馆    
3 863619   208636190   第一借阅区/ [索取号:F092.6/32=2] 在馆    
4 863620   208636207   密集书库-海洋学院/ [索取号:F092.6/32=2] 在馆    
唐山师范学院图书馆 欢迎您!
大连网信软件有限公司© 版权所有